|
|
|
|
| LEADER |
00000nab a2200000 ar4500 |
| 001 |
vtls009159325 |
| 003 |
SK-MaSNL |
| 005 |
20260305025739.0 |
| 008 |
071114c20070907xo mr|p|||||||000 b|slo |
| 038 |
|
|
|a SNSK
|
| 040 |
|
|
|b slo
|c SNSK
|e AACR2
|
| 041 |
|
|
|a slo
|
| 044 |
|
|
|a xo
|c SK
|
| 080 |
|
|
|a 553.535
|x (437.6)
|2 2001
|
| 080 |
|
|
|a 691.213.5
|x (437.6)
|2 2001
|
| 080 |
|
|
|a 323.234
|2 2001
|
| 100 |
1 |
|
|a Kovář, Zdeno
|4 aut
|9 965250
|
| 245 |
1 |
0 |
|a Zničí perlit tokajské?
|b v oblasti, kde dorábajú svetoznáme víno, budú ťažiť stavebnú hmotu
|c Zdeno, Kovář
|
| 300 |
|
|
|b Fotogr.
|
| 650 |
0 |
7 |
|a perlit
|x ťažba
|2 snsk
|9 1052866
|
| 650 |
0 |
7 |
|a petície
|2 snsk
|9 13945
|
| 650 |
0 |
7 |
|a Vinohradnícka oblasť Tokaj (Slovensko)
|2 snsk
|9 21617
|
| 651 |
|
7 |
|a Bara (Slovensko)
|2 snsk
|9 28628
|
| 651 |
|
7 |
|a Trebišov (Slovensko : okres)
|2 snsk
|9 56230
|
| 773 |
0 |
|
|t Nový Čas
|g Roč. 17, č. 206 (7.9.2007), s. 9
|x 1335-4655
|
| 852 |
|
|
|a SNSK
|b KIS3GCP
|
| 999 |
|
|
|c 3307289
|d 3309219
|